00745nam a22002537a 4500003000500000005001700005008004100022010001100063011001100074020001800085035001100103040000900114082001600123100002200139245009800161250001000259260003500269300003800304650004300342650003200385650002800417700002100445700002500466CHAP20220329143755.0110804s2007 us a r 00010 eng d a101717 a102689 a9780849338397 a113378 cCHAP10a664.07bM471 aMeilgaard, Morten10aSensory evaluation techniquesc/por Morten C. Meilgaard, Gail Vance Civille y B. Thomas Carr. a4 ed. aBoca Raton :bCRC Press,c2007 a448 p. :bilus., gráfs., tablas14aAlimentosxPropiedades organolepticas.14aAnalisis de organolepticas.14aCalidadxControl de la.1 aCarr, B. Thomas.1 aCiville, Gail Vance.